Квантовая электроника. Общие понятия. Оптический диапазон, СВЧ диапазон. Измерения в квантовой электронике: терминология
| Autor Corporativo: | |
|---|---|
| Outros autores: | |
| Summary: | Исключено из фонда НТБ ТПУ |
| Idioma: | ruso inglés alemán francés |
| Publicado: |
Москва, Наука, 1968
|
| Series: | Сборник рекомендуемых терминов Вып. 75 |
| Formato: | MixedMaterials Libro |
| KOHA link: | https://koha.lib.tpu.ru/cgi-bin/koha/opac-detail.pl?biblionumber=156855 |
MARC
| LEADER | 00000nam0a2200000 4500 | ||
|---|---|---|---|
| 001 | 156855 | ||
| 005 | 20231031153426.0 | ||
| 035 | |a (RuTPU)RU\TPU\book\170107 | ||
| 090 | |a 156855 | ||
| 100 | |a 20090331d1968 k y0rusy50 ca | ||
| 101 | 0 | |a rus |a eng |a ger |a fre | |
| 102 | |a RU | ||
| 105 | |a y z 001zy | ||
| 200 | 1 | |a Квантовая электроника. Общие понятия. Оптический диапазон, СВЧ диапазон. Измерения в квантовой электронике |e терминология |f АН СССР, Комитет научно-технической терминологии ; под ред. М. Е. Жаботинского | |
| 210 | |a Москва |c Наука |d 1968 | ||
| 215 | |a 46 с. | ||
| 225 | 1 | |a Сборник рекомендуемых терминов |v Вып. 75 | |
| 320 | |a Алфавитный указатель терминов: с. 33-46. | ||
| 333 | |a Исключено из фонда НТБ ТПУ | ||
| 675 | |a 621.378(01) |v 3 | ||
| 702 | 1 | |a Жаботинский |b М. Е. |g Марк Ефремович |4 340 | |
| 712 | 0 | 2 | |a Академия наук СССР (АН СССР) |b Комитет научно-технической терминологии |2 stltpush |3 (RuTPU)RU\TPU\col\722 |
| 801 | 1 | |a RU |b 63413507 |c 20090331 |g PSBO | |
| 801 | 2 | |a RU |b 63413507 |c 20221214 |g PSBO | |
| 942 | |c BK | ||